[Event "BEL-ch U16"]
[Site "Blankenberge"]
[Date "2015.04.15"]
[Round "6"]
[White "Callebaut, Giovanni"]
[Black "Hammers, Michael"]
[Result "1-0"]
[WhiteElo "1595"]
[BlackElo "1707"]
[PlyCount "45"]
[EventDate "2015.04.12"]
[EventType "swiss"]
[EventRounds "9"]
[EventCountry "BEL"]
[SourceTitle "CBM 166 Extra"]
[Source "ChessBase"]
[SourceDate "2015.06.18"]
[SourceVersion "1"]
[SourceVersionDate "2015.06.18"]
[SourceQuality "1"]

1. e4 e6 2. d4 d5 3. e5 c5 4. c3 Nc6 5. Nf3 Qb6 6. Bd3 Nh6 7. 0-0 cxd4 8. cxd4 Nf5 9. Nc3 Qd8 10. Be3 Nxe3 11. fxe3 Bd7 12. e4 dxe4 13. Nxe4 Be7 14. Nfg5 Bxg5 15. Nd6+ Kf8 16. Rxf7+ Kg8 17. Qh5 Rb8 18. Raf1 Be3+ 19. Kh1 Bxd4 20. Rxg7+ Kxg7 21. Rf7+ Kg8 22. Bxh7+ Rxh7 23. Qxh7# 1-0

[Event "BEL-ch U16"]
[Site "Blankenberge"]
[Date "2015.04.14"]
[Round "4"]
[White "Verstraeten, Leander"]
[Black "Callebaut, Giovanni"]
[Result "0-1"]
[WhiteElo "1171"]
[BlackElo "1595"]
[PlyCount "100"]
[EventDate "2015.04.12"]
[EventType "swiss"]
[EventRounds "9"]
[EventCountry "BEL"]
[SourceTitle "CBM 166 Extra"]
[Source "ChessBase"]
[SourceDate "2015.06.18"]
[SourceVersion "1"]
[SourceVersionDate "2015.06.18"]
[SourceQuality "1"]

1. d4 d5 2. Bf4 c5 3. e3 Nc6 4. Nf3 Bf5 5. a3 Nf6 6. c4 Rc8 7. Nc3 e6 8. Qb3 b6 9. Rd1 a6 10. dxc5 Na5 11. Qa2 Bc2 12. Rd2 Bb3 13. Qb1 Bxc4 14. b4 Nb3 15. Rd1 Bxf1 16. Rxf1 Nxc5 17. bxc5 Rxc5 18. Na4 Rb5 19. Qc1 Bc5 20. Nd4 Ra5 21. Nc6 Qd7 22. Nxa5 Qxa4 23. Nb7 0-0 24. Nxc5 Qa5+ 25. Ke2 bxc5 26. Be5 Nd7 27. Qc3 Qb5+ 28. Qd3 Nxe5 29. Qxb5 axb5 30. Rb1 Rb8 31. a4 b4 32. Ra1 Kf8 33. Kd2 Ke7 34. Rfc1 Nc4+ 35. Kd3 Nb2+ 36. Kc2 Nc4 37. Kb3 Na5+ 38. Kb2 c4 39. Rc2 Kd6 40. Rd1 Kc5 41. Rd4 c3+ 42. Kb1 e5 43. Rg4 g6 44. f4 Nc4 45. Re2 b3 46. Re1 Na3+ 47. Ka1 b2+ 48. Ka2 b1Q+ 49. Rxb1 Nxb1 50. fxe5 c2 0-1

[Event "Maastricht Limburg op-C 8th"]
[Site "Maastricht"]
[Date "2014.06.08"]
[Round "5"]
[White "Heman, Frans"]
[Black "Callebaut, Giovanni"]
[Result "1-0"]
[WhiteElo "1549"]
[BlackElo "1598"]
[PlyCount "93"]
[EventDate "2014.06.06"]
[EventType "swiss"]
[EventRounds "7"]
[EventCountry "NED"]
[SourceTitle "EXT 2015"]
[Source "ChessBase"]
[SourceDate "2014.11.20"]
[SourceVersion "1"]
[SourceVersionDate "2014.11.20"]
[SourceQuality "1"]

1. f4 c5 2. Nf3 Nc6 3. e3 g6 4. Bb5 Bg7 5. Bxc6 bxc6 6. 0-0 d5 7. d3 Qc7 8. Qe1 Ba6 9. Nbd2 e6 10. Rb1 Ne7 11. b3 Rd8 12. Bb2 d4 13. Ne4 Nf5 14. Nxc5 Qb6 15. Nxa6 Qxa6 16. exd4 Nxd4 17. Nxd4 Bxd4+ 18. Bxd4 Rxd4 19. Qe5 Qb6 20. Qxh8+ Ke7 21. Kh1 h5 22. Qe5 a5 23. Rfe1 Qb4 24. Re4 Rxe4 25. Qxe4 Qc3 26. Qc4 Qd2 27. Rf1 Qe2 28. d4 Qe4 29. Qc5+ Ke8 30. h3 h4 31. Qc3 Kd7 32. Qd3 Qd5 33. c4 Qh5 34. Qf3 Qf5 35. d5 cxd5 36. cxd5 exd5 37. Qg4 Qxg4 38. hxg4 Ke6 39. Re1+ Kf6 40. Re5 g5 41. Rxg5 d4 42. Rd5 Kg6 43. Rxd4 f5 44. g5 Kh5 45. Rd6 h3 46. gxh3 a4 47. Rh6# 1-0

[Event "Maastricht Limburg op-C 8th"]
[Site "Maastricht"]
[Date "2014.06.07"]
[Round "3"]
[White "Bratuszewski, Jorden"]
[Black "Callebaut, Giovanni"]
[Result "1-0"]
[WhiteElo "1672"]
[BlackElo "1598"]
[PlyCount "57"]
[EventDate "2014.06.06"]
[EventType "swiss"]
[EventRounds "7"]
[EventCountry "NED"]
[SourceTitle "EXT 2015"]
[Source "ChessBase"]
[SourceDate "2014.11.20"]
[SourceVersion "1"]
[SourceVersionDate "2014.11.20"]
[SourceQuality "1"]

1. c4 e5 2. Nc3 Nf6 3. g3 Bc5 4. Bg2 Nc6 5. a3 a5 6. e3 0-0 7. Nge2 d6 8. 0-0 Be6 9. d4 Ba7 10. d5 Bg4 11. dxc6 Bxe2 12. Qxe2 bxc6 13. Bxc6 Rb8 14. Rd1 Rb6 15. Bg2 Re8 16. b4 c5 17. bxc5 Rb3 18. Qc2 Qb8 19. cxd6 Rd8 20. Nb5 a4 21. Nxa7 Qxa7 22. c5 Rbb8 23. c6 Rbc8 24. c7 Rd7 25. Rb1 e4 26. Bh3 Rxd6 27. Rxd6 Ne8 28. Rd8 Rxd8 29. cxd8Q 1-0

[Event "BEL-ch U16"]
[Site "Blankenberge"]
[Date "2014.04.19"]
[Round "9"]
[White "Callebaut, Giovanni"]
[Black "Lachaert, Tibo"]
[Result "0-1"]
[WhiteElo "1303"]
[BlackElo "1788"]
[PlyCount "82"]
[EventDate "2014.04.??"]
[EventType "swiss"]
[EventRounds "9"]
[EventCountry "BEL"]
[SourceTitle "EXT 2015"]
[Source "ChessBase"]
[SourceDate "2014.11.20"]
[SourceVersion "1"]
[SourceVersionDate "2014.11.20"]
[SourceQuality "1"]

1. d4 d5 2. c4 c6 3. Nc3 Nf6 4. Nf3 e6 5. Bg5 Be7 6. cxd5 Nxd5 7. Bxe7 Qxe7 8. e4 Nf6 9. Bd3 0-0 10. 0-0 Nbd7 11. e5 Nd5 12. Ne4 f6 13. Rc1 Rd8 14. a3 Nf4 15. Bb1 fxe5 16. Qd2 Ng6 17. b4 exd4 18. Neg5 Ndf8 19. Rfe1 Qf6 20. Rc5 Rd5 21. h3 e5 22. Ba2 Be6 23. Nxe6 Nxe6 24. Bxd5 cxd5 25. Rxd5 Nef4 26. Rd7 Nxh3+ 27. gxh3 Qxf3 28. Qa2+ Kh8 29. Qe6 Nf4 30. Qg4 Nxh3+ 31. Qxh3 Qxh3 32. Rxb7 Qxa3 33. Rxe5 Qa1+ 34. Kg2 d3 35. Rd5 Qe1 36. Rbd7 Rf8 37. Kh3 Qxf2 38. Rxd3 Rf3+ 39. Rxf3 Qxf3+ 40. Kh2 Qf2+ 41. Kh1 Qh4+ 0-1